जैन संस्कृत - साहित्य में श्री कृष्ण चरित (Record no. 1009088)
[ view plain ]
| 000 -LEADER | |
|---|---|
| fixed length control field | 01120nam a2200265Ia 4500 |
| 003 - CONTROL NUMBER IDENTIFIER | |
| control field | OSt |
| 005 - DATE AND TIME OF LATEST TRANSACTION | |
| control field | 20221005102913.0 |
| 008 - FIXED-LENGTH DATA ELEMENTS--GENERAL INFORMATION | |
| fixed length control field | 221004b |||||||| |||| 00| 0 san d |
| 020 ## - INTERNATIONAL STANDARD BOOK NUMBER | |
| International Standard Book Number | 818693328X (pbk) |
| 037 ## - SOURCE OF ACQUISITION | |
| Terms of availability | Textual |
| 040 ## - CATALOGING SOURCE | |
| Original cataloging agency | CRL |
| Transcribing agency | CRL |
| Language of cataloging | san |
| 041 ## - LANGUAGE CODE | |
| Source of code | san |
| Language code of text/sound track or separate title | san |
| 100 ## - MAIN ENTRY--PERSONAL NAME | |
| Personal name | रॉंवका, संस्कृति |
| 245 #0 - TITLE STATEMENT | |
| Title | जैन संस्कृत - साहित्य में श्री कृष्ण चरित |
| Remainder of title | एक अध्ययन |
| 246 ## - VARYING FORM OF TITLE | |
| Title proper/short title | Jain sanskṛut - sāhitya mean shrī kṛuṣhṇa charita: ek adhyayana |
| 260 ## - PUBLICATION, DISTRIBUTION, ETC. | |
| Place of publication, distribution, etc. | इन्दौर |
| Name of publisher, distributor, etc. | कुन्दकुन्द ज्ञानपीठ भारत |
| Date of publication, distribution, etc. | 2006 |
| 300 ## - PHYSICAL DESCRIPTION | |
| Extent | 168पृ0 |
| Dimensions | cm. |
| 650 ## - SUBJECT ADDED ENTRY--TOPICAL TERM | |
| Topical term or geographic name entry element | संस्कृत साहित्य |
| 942 ## - ADDED ENTRY ELEMENTS (KOHA) | |
| Classification part | O15(Q3):g(Q223), 152P6 |
| Koha item type | Textual |
| Source of classification or shelving scheme | |
| Withdrawn status | Lost status | Damaged status | Not for loan | Home library | Current library | Date acquired | Source of acquisition | Cost, normal purchase price | Total Checkouts | Full call number | Barcode | Date last seen | Cost, replacement price | Price effective from | Koha item type |
|---|---|---|---|---|---|---|---|---|---|---|---|---|---|---|---|
| Central Library | Central Library | 2022-10-05 | 543, 15/03/2011, Eastern Book Linkers | 100.00 | O15(Q3):g(Q223) 152P6 | CL1430471 | 2022-10-05 | 100.00 | 2022-10-05 | Textual |
